Biblioteca

¿Por qué se portan mal los niños? / Bruce Narramore ; Xavier Vila, Versión española (Registro nro. 32589)

Detalles MARC
000 -LÍDER
Campo fijo de descripción fija 010770000a22002170004500
020 ## - NÚMERO INTERNACIONAL NORMALIZADO PARA LIBROS
Número Internacional Normalizado del libro 84-7228-647-9
041 0# - CÓDIGO DE IDIOMA
Código de idioma para texto/pista de sonido o título separado
082 04 - NÚMERO DE CLASIFICACIÓN DECIMAL DEWEY
Número de clasificación G 173 N234p
001 - NÚMERO DE CONTROL
Campo de control 1266
100 1# - ASIENTO PRINCIPAL--NOMBRE PERSONAL
Nombre personal Narramore, Bruce
245 10 - TÍTULO
Título del Material ¿Por qué se portan mal los niños? / Bruce Narramore ; Xavier Vila, Versión española
260 ## - PUBLICACIÓN, DISTRIBUCIÓN, ETC. (PIE DE IMPRENTA)
Lugar de publicación, distribución, etc. Terrassa, Barcelona, España : CLIE
300 ## - DESCRIPCIÓN FÍSICA
Extensión 169 Pag.
336 ## - CONTENT TYPE
Content type term texto
Content type code txt
Source rdacontent
337 ## - MEDIA TYPE
Source rdamedia
Media type term sin mediación
Media type code n
338 ## - CARRIER TYPE
Source rdacarrier
Carrier type term volumen
Carrier type code nc
500 ## - NOTA GENERAL
Nota General Título original : Why children misbehave?
505 00 - NOTA DE CONTENIDO
Nota de contenido con formato preestablecido Prevención por parte de los padres -- los padres pueden hacer mucho -- los padres también tienen derechos -- los diferentes tipo de niños -- seis razones por las que los niños se portan mal -- el niño que busca atención -- ¿quién manda aquí? -- ¿es el niño demasiado bueno? -- íestoy aburrido! -- la revancha y la seguridad -- y después, ¿qué? -- ¿existe alguien normal? -- tu hijo y Adán -- y ¿qué hacemos ahora?
650 14 - ASIENTO SECUNDARIO DE MATERIA - TERMINO TEMÁTICO
Término temático o nombre geográfico como elemento de entrada PATERNIDAD (PSICOLOGIA) \ PSICOLOGIA INFANTIL
942 ## - TIPO DE MATERIAL (KOHA)
Tipo de Item KOHA Libros General
Existencias
Estado de Material Estado de Perdido Estado de Dañado No para Préstamo Colección Tomo Biblioteca de Origen Biblioteca Permanente Fecha de Adquisición Total de Préstamos Total de Renovaciones Signatura Topográfica Código de Barras Última vez visto Última vez Préstado Ejemplar/Existencia Fecha de Remplazo Tipo de Material
        Colección General   Biblioteca FUSBC Biblioteca FUSBC 12/10/2004 3 2 G 173 N234p 712 17/03/2023 02/03/2023 1 26/01/2016 Libros General

Biblioteca FUSBC | Teléfono: (57+4) 349 88 10 Ext. 141| WhatsApp (+57) 3005338115 
E-mail: biblioteca@unisbc.edu.co | Calle 76 87-14 Robledo Palenque, Medellín, Colombia

Con tecnología Koha